00000000nam 2200000za 4500
0019.852573
003CaOODSP
00520221107154620
007cr |||||||||||
008180228s1974    onc    #o    f000 0 eng d
040 |aCaOODSP|beng
043 |an-cn-qu
0861 |aR32-448/1974E-PDF
24500|aIndian reserves and settlements |h[electronic resource] : |bQuébec notes / |ccollected by T&HRC.
24610|aQuébec notes
260 |aOttawa : |bTreaties and Historical Research Centre, |c1974.
300 |a7 p.
500 |aTitle from cover.
500 |aDigitized edition from print [produced by Indigenous and Northern Affairs Canada].
520 |aBrief descriptions of various Indian reserves and settlements in Quebec including historical dates, approximates sizes and how they were acquired or established.
69207|2gccst|aAboriginal reserves
69207|2gccst|aAgreements
69207|2gccst|aCanadian history
7102 |aTreaties and Historical Research Centre (Canada)
7101 |aCanada. |bIndian and Northern Affairs Canada.
85640|qPDF|s1.11 MB|uhttps://publications.gc.ca/collections/collection_2018/aanc-inac/R32-448-1974-eng.pdf